El yo y su angustia: entre pulsión de vida y pulsión de muerte
Uloženo v:
| Hlavní autor: | |
|---|---|
| Médium: | Kniha |
| Jazyk: | španělština |
| Vydáno: |
Buenos Aires
Amorrortu
2001
|
| Vydání: | 1a. ed |
| Edice: | Biblioteca de Psicología y Psicoanálisis
|
| Témata: | |
| Tagy: |
Přidat tag
Žádné tagy, Buďte první, kdo vytvoří štítek k tomuto záznamu!
|
MARC
| LEADER | 00000nam a2200000 a 4500 | ||
|---|---|---|---|
| 001 | UCL9485 | ||
| 003 | CL-VaPUC | ||
| 008 | 040813e20010000AG |||||||||||||||||spa|d | ||
| 020 | |a 9505180969 | ||
| 082 | 0 | 4 | |a 150.1952 |b ROS |2 21 |
| 100 | 0 | |a Rosenberg, Benno |e author |9 487315 | |
| 245 | 1 | 3 | |a El yo y su angustia: entre pulsión de vida y pulsión de muerte |
| 250 | |a 1a. ed | ||
| 300 | |a 261 p | ||
| 942 | |c BK | ||
| 945 | |d 20040813 00:00:00 |a cmena | ||
| 260 | |a Buenos Aires |b Amorrortu |c 2001 | ||
| 600 | 0 | |a Freud, Sigmund |e author |9 307892 | |
| 650 | 0 | |a Psicoanálisis |9 265702 | |
| 650 | 0 | |a Angustia |9 266245 | |
| 650 | 0 | |a Trastornos de la personalidad |9 307698 | |
| 583 | |a last modification |c 20040813 00:00:00 |k Rodrigo Vera | ||
| 490 | 0 | |a Biblioteca de Psicología y Psicoanálisis | |
| 999 | |c 310251 |d 310249 | ||
| 952 | |0 0 |1 0 |4 0 |6 150_195200000000000_ROS_2001 |7 0 |8 A |9 378532 |a BIBEDU |b BIBEDU |d 2019-11-21 |i 4048229 |o 150.1952 ROS 2001 |p 4048229 |r 2019-11-21 |w 2019-11-21 |y BK |k PSI | ||